LIBRARY & INFORMATION CENTRE, KCAET, TAVANUR

ONLINE PUBLIC ACCESS CATALOGUE (OPAC)

Evolution, genetics and eugenics / (Record no. 5706)

MARC details
000 -LEADER
fixed length control field 00419cam a2200157ua 4500
041 ## - LANGUAGE CODE
Language code of text/sound track or separate title eng
082 ## - DEWEY DECIMAL CLASSIFICATION NUMBER
Classification number 575
Item number NEW/EV
100 ## - MAIN ENTRY--AUTHOR NAME
Personal name Newman, Horatio Hackett .
245 ## - TITLE STATEMENT
Title Evolution, genetics and eugenics /
250 ## - EDITION STATEMENT
Edition statement 3 /
260 ## - PUBLICATION, DISTRIBUTION, ETC. (IMPRINT)
Place of publication Chicago :
Name of publisher University of Chicago Press ,
Year of publication 1932.
300 ## - PHYSICAL DESCRIPTION
Number of Pages 619 ; .
942 ## - ADDED ENTRY ELEMENTS (KOHA)
Koha item type Books
Holdings
Withdrawn status Lost status Damaged status Home library Current library Date acquired Full call number Accession Number Koha item type
      KAUAET KAUAET 07/04/2012 575 NEW/EV 5557 Books
free website counter